সমাজ দর্শন ও পরিবর্তন / (Record no. 38890)
[ view plain ]
| 000 -LEADER | |
|---|---|
| fixed length control field | 01121nam a2200265 a 4500 |
| 001 - CONTROL NUMBER | |
| control field | 38890 |
| 003 - CONTROL NUMBER IDENTIFIER | |
| rucl marc code | BD-RjUL |
| 005 - DATE AND TIME OF LATEST TRANSACTION | |
| control field | 20211209052858.0 |
| 008 - FIXED-LENGTH DATA ELEMENTS--GENERAL INFORMATION | |
| fixed length control field | 160424s2004 bg |||er|||| 00| 0 ben d |
| 020 ## - INTERNATIONAL STANDARD BOOK NUMBER | |
| International Standard Book Number | 9840744321 |
| Terms of availability | : Tk.110.00 |
| 035 ## - SYSTEM CONTROL NUMBER | |
| System control number | (BD-RjUL)39000 |
| 040 ## - CATALOGING SOURCE | |
| Language of cataloging | ben |
| Original cataloging agency | BD-RjUL |
| Transcribing agency | BD-RjUL |
| 041 ## - LANGUAGE CODE | |
| Language code of text/sound track or separate title | ben |
| 082 ## - DEWEY DECIMAL CLASSIFICATION NUMBER | |
| Edition number | 23 |
| Classification number | 301.01 |
| Author mark and year | HOS 2004 |
| 100 ## - MAIN ENTRY--PERSONAL NAME | |
| Personal name | হোলজ্, হানস্ হাইনজ্ |
| 9 (RLIN) | 119969 |
| 245 10 - TITLE STATEMENT | |
| Title | সমাজ দর্শন ও পরিবর্তন / |
| Statement of responsibility, etc. | হানস্ হাইনজ্ হোলজ্ ; অনুবাদ হাসানুজ্জামান চৌধুরী |
| 260 ## - PUBLICATION, DISTRIBUTION, ETC. (IMPRINT) | |
| Place of publication, distribution, etc. | ঢাকা : |
| Name of publisher, distributor, etc. | বাংলা একাডেমী, |
| Date of publication, distribution, etc. | ২০০৪ |
| 300 ## - PHYSICAL DESCRIPTION | |
| Pagination | [৮], ২০৭ পৃ. ; |
| Size | ২২ সেমি. |
| 490 ## - SERIES STATEMENT | |
| Series statement | বাএ : |
| Volume/sequential designation | ৪৪২৩ |
| 650 ## - SUBJECT ADDED ENTRY--TOPICAL TERM | |
| Topical term or geographic name as entry element | সমাজবিজ্ঞান |
| 9 (RLIN) | 119970 |
| Form subdivision | দর্শন |
| Topical term or geographic name as entry element | Sociology |
| 9 (RLIN) | 119971 |
| Form subdivision | Philosophy |
| 700 ## - ADDED ENTRY--PERSONAL NAME | |
| Personal name | চৌধুরী, হাসানুজ্জামান, অনুবাদক |
| 830 ## - SERIES ADDED ENTRY--UNIFORM TITLE | |
| Uniform title | বাএ : |
| Volume number/sequential designation | ৪৪২৩ |
| 942 ## - ADDED ENTRY ELEMENTS (KOHA) | |
| Source of classification or shelving scheme | Dewey Decimal Classification |
| Koha item type | Books |
| Lost status | Source of classification or shelving scheme | Damaged status | Not for loan | Collection code | Permanent Location | Current Location | Shelving location | Date acquired | Source of acquisition | Cost, normal purchase price | Total Checkouts | Full call number | Date last seen | Copy number | Koha item type | Date checked out |
|---|---|---|---|---|---|---|---|---|---|---|---|---|---|---|---|---|
| Dewey Decimal Classification | Not For Loan | Non-fiction | Central Library, University of Rajshahi | Central Library, University of Rajshahi | Reading Room | 13/01/2016 | Biddasagor, Rajshahi | 110.00 | B 301.01 HOS 2004 | 20/03/2016 | C- 1 | Books | ||||
| Dewey Decimal Classification | Non-fiction | Central Library, University of Rajshahi | Central Library, University of Rajshahi | 13/01/2016 | Biddasagor, Rajshahi | 110.00 | B 301.01 HOS 2004 | 20/03/2016 | C- 2 | Books | ||||||
| Dewey Decimal Classification | Non-fiction | Central Library, University of Rajshahi | Central Library, University of Rajshahi | 13/01/2016 | Biddasagor, Rajshahi | 110.00 | 1 | B 301.01 HOS 2004 | 01/10/2019 | C- 3 | Books | 22/09/2019 | ||||
| Dewey Decimal Classification | Non-fiction | Central Library, University of Rajshahi | Central Library, University of Rajshahi | 18/08/2009 | Bangla Academy, Dhaka | 110.00 | B 301.01 HOS 2004 | 12/05/2016 | C-4 | Books |